|
|
|
|
| LEADER |
00000nbm0a2200000 4500 |
| 001 |
146238 |
| 005 |
20231031144531.0 |
| 035 |
|
|
|a (RuTPU)RU\TPU\book\158510
|
| 090 |
|
|
|a 146238
|
| 100 |
|
|
|a 20081028d1964 k y0rusy50 ca
|
| 101 |
0 |
|
|a rus
|
| 102 |
|
|
|a RU
|
| 105 |
|
|
|a a m 001zy
|
| 200 |
1 |
|
|a К разработке научных основ радиационной дефектоскопии тормозным излучением неоднородных многокомпонентных материалов на примере бетона и железобетона
|e Диссертация на соискание ученой степени кандидата технических наук
|f В. А. Воробьев
|g Томский политехнический институт (ТПИ) ; науч. рук. А. А. Воробьев
|
| 210 |
|
|
|a Томск
|c [Б. и.]
|d 1964
|
| 215 |
|
|
|a 236 л.
|c ил.
|
| 320 |
|
|
|a Библиогр.: с. 214 - 236 ( 260 назв.)
|
| 610 |
1 |
|
|a радиационная дефектоскопия
|
| 610 |
1 |
|
|a тормозное излучение
|
| 610 |
1 |
|
|a многокомпонентные смеси
|
| 610 |
1 |
|
|a бетон
|
| 610 |
1 |
|
|a железобетон
|
| 610 |
1 |
|
|a моделирование
|
| 610 |
1 |
|
|a дефекты
|
| 610 |
1 |
|
|a чувствительность
|
| 610 |
1 |
|
|a электромагнитное излучение
|
| 610 |
1 |
|
|a пучки
|
| 610 |
1 |
|
|a бетатроны
|
| 610 |
1 |
|
|a щелочно-галоидные кристаллы
|
| 610 |
1 |
|
|a терапия
|
| 610 |
1 |
|
|a злокачественные новообразования
|
| 610 |
1 |
|
|a изотопы
|
| 610 |
1 |
|
|a экспериментальное исследование
|
| 610 |
1 |
|
|a диссертации
|
| 610 |
1 |
|
|a труды учёных ТПУ
|
| 675 |
|
|
|a 620.15(04)
|v 3
|
| 675 |
|
|
|a 536.16(04)
|v 3
|
| 700 |
|
1 |
|a Воробьев
|b В. А.
|c физик
|c выпускник ФТФ Томского политехнического института 1960 г.
|c сын ректора ТПИ А. А. Воробьева
|f 1936-
|g Владимир Александрович
|2 stltpush
|3 (RuTPU)RU\TPU\pers\29256
|
| 702 |
|
1 |
|a Воробьев
|b А. А.
|c российский физик
|c ректор Томского политехнического института, профессор
|f 1909-1981
|g Александр Акимович
|2 stltpush
|3 (RuTPU)RU\TPU\pers\12805
|4 727
|
| 712 |
0 |
2 |
|a Томский политехнический институт (ТПИ)
|c (1944-1991)
|2 stltpush
|3 (RuTPU)RU\TPU\col\1123
|
| 801 |
|
1 |
|a RU
|b 63413507
|c 20081028
|g PSBO
|
| 801 |
|
2 |
|a RU
|b 63413507
|c 20210514
|g RCR
|
| 942 |
|
|
|c BK
|